[Event "Dresden op"]
[Site "Dresden"]
[Date "????.??.??"]
[Round "5"]
[White "Lau, Ralf"]
[Black "Balinov, Ilija"]
[Result "1-0"]
[WhiteElo "2495"]
[BlackElo "2450"]
[PlyCount "87"]
[EventDate "2000.07.20"]
[Source "www.chesslib.no"]
[SourceDate "2004.05.04"]

1. e4 c5 2. Nf3 Nc6 3. d4 cxd4 4. Nxd4 Nf6 5. Nc3 d6 6. Bg5 e6 7. Qd2 a6 8. O-O-O Bd7 9. f4 Be7 10. Nf3 b5 11. Bxf6 Bxf6 12. Qxd6 Be7 13. Qd2 b4 14. Ne2 Ra7 15. Ned4 Qb6 16. Nxc6 Bxc6 17. Qd4 Qc7 18. Ne5 Ba8 19. Kb1 O-O 20. Bc4 Bf6 21. b3 Bc6 22. Rd3 Rfa8 23. Rhd1 h6 24. g3 a5 25. Re1 Qb7 26. Qe3 Bb5 27. Bxb5 Bxe5 28. Rd7 Qxb5 29. Rxa7 Rxa7 30. Qxa7 Bc3 31. Qa8+ Kh7 32. e5 a4 33. bxa4 Qd7 34. Rf1 g6 35. g4 Qd2 36. Qf8 Qd7 37. f5 exf5 38. gxf5 Bxe5 39. fxg6+ Kxg6 40. Qg8+ Kh5 41. Qxf7+ Qxf7 42. Rxf7 Bxh2 43. a5 Bg1 44. a6 1-0

[Event "Santo Domingo"]
[Site "?"]
[Date "2003.??.??"]
[Round "?"]
[White "Bruzon, L."]
[Black "Molander, R."]
[Result "1-0"]
[WhiteElo "2603"]
[BlackElo "2341"]
[PlyCount "59"]
[EventDate "2003.??.??"]
[Source "Chess Informant"]
[SourceDate "2003.10.01"]

1. e4 c5 2. Nf3 d6 3. d4 cxd4 4. Nxd4 Nf6 5. Nc3 Nc6 6. Bg5 e6 7. Qd2 a6 8. O-O-O Bd7 9. f4 Be7 10. Nf3 b5 11. Bxf6 gxf6 12. Kb1 Qb6 13. f5 O-O-O 14. fxe6 fxe6 15. g3 Kb8 16. Bh3 Bc8 17. Qe1 Rhe8 18. Ne2 Ne5 19. Rf1 Nc4 20. Nf4 Bf8 21. Qf2 Qxf2 22. Rxf2 f5 23. exf5 Ne3 24. Re1 Nxf5 25. Ng5 e5 26. Nd5 Nd4 27. Bxc8 Rxc8 28. c3 Ne6 29. Nxe6 Rxe6 30. Nb6 1-0

[Event "Camp. open cittadino"]
[Site "Parigi FRA"]
[Date "2008.07.03"]
[Round "6"]
[White "Roser, K."]
[Black "Almeida Quintana, O."]
[Result "1-0"]
[WhiteElo "2409"]
[BlackElo "2527"]
[PlyCount "155"]
[EventDate "2008.06.28"]
[Source "www.chesslib.no"]
[SourceDate "2004.05.04"]

1. e4 c5 2. Nf3 d6 3. d4 cxd4 4. Nxd4 Nf6 5. Nc3 Nc6 6. Bg5 e6 7. Qd2 a6 8. O-O-O Bd7 9. f4 Be7 10. Nf3 b5 11. Bxf6 gxf6 12. Kb1 Qa5 13. f5 Rc8 14. fxe6 fxe6 15. Qh6 Nb4 16. a3 Nc6 17. e5 dxe5 18. Ne4 Rf8 19. Qxh7 b4 20. Bc4 Nb8 21. axb4 Qxb4 22. Qg6+ Kd8 23. Bxe6 Kc7 24. Bxd7 Nxd7 25. Rd3 Rb8 26. Rb3 Qa5 27. Nfd2 Rxb3 28. Nxb3 Qd5 29. Nc3 Qe6 30. Rf1 Nb6 31. h3 Nc4 32. Qe4 Rd8 33. g4 Bb4 34. Rf3 a5 35. Rd3 Rxd3 36. cxd3 Na3+ 37. Ka2 Bxc3 38. bxc3 Nb5 39. Kb2 Qd6 40. Qc4+ Kb6 41. Nc1 Qa3+ 42. Kc2 Qe7 43. Kb2 Qa3+ 44. Kc2 Qe7 45. Kd1 Qb7 46. Kd2 Qg2+ 47. Ne2 Qxh3 48. Qe6+ Kb7 49. Qd5+ Kb6 50. Qe6+ Kb7 51. Qxf6 Qxg4 52. Qxe5 Qa4 53. Ke3 Nc7 54. Qe4+ Qxe4+ 55. Kxe4 a4 56. Kd4 a3 57. Nc1 Kc6 58. Kc4 Nd5 59. Na2 Kd6 60. Kb3 Ke5 61. Nb4 Nf4 62. Kxa3 Kd6 63. Kb3 Ng2 64. Kc4 Ne3+ 65. Kd4 Nf5+ 66. Ke4 Ng3+ 67. Kf3 Nf5 68. d4 Ng7 69. Ke4 Ne6 70. c4 Ng5+ 71. Kf4 Ne6+ 72. Ke3 Ke7 73. Ke4 Kd6 74. Ke3 Ke7 75. c5 Kd7 76. Ke4 Ng5+ 77. Kd5 Ne6 78. Kc4 1-0

[Event "St Petersburg Open"]
[Site "St Petersburg RUS"]
[Date "1993.??.??"]
[Round "?"]
[White "Zagrebelny, Sergey"]
[Black "Lukin, Andrei M"]
[Result "1/2-1/2"]
[WhiteElo "2490"]
[BlackElo "2445"]
[PlyCount "37"]
[EventDate "1993.10.??"]
[Source "www.chesslib.no"]
[SourceDate "2004.05.04"]

1. e4 c5 2. Nf3 d6 3. d4 cxd4 4. Nxd4 Nf6 5. Nc3 Nc6 6. Bg5 e6 7. Qd2 a6 8. O-O-O Bd7 9. f4 Be7 10. Nf3 b5 11. Bxf6 gxf6 12. Kb1 Qb6 13. f5 Qc5 14. g3 b4 15. Na4 Qa5 16. fxe6 fxe6 17. b3 Na7 18. Nd4 Nb5 19. Bh3 1/2-1/2

[Event "BIH-chT"]
[Site "Neum"]
[Date "2002.06.07"]
[Round "8.1"]
[White "Lekic, Dusan"]
[Black "Markovic, Miroslav"]
[Result "1-0"]
[WhiteElo "2410"]
[BlackElo "2517"]
[PlyCount "142"]
[EventDate "2002.06.02"]
[Source "ChessBase"]
[SourceDate "2002.09.20"]

1. e4 c5 2. Nf3 d6 3. d4 cxd4 4. Nxd4 Nf6 5. Nc3 Bd7 6. Bg5 e6 7. f4 Nc6 8. Qd2 a6 9. O-O-O Be7 10. Nf3 b5 11. Bxf6 gxf6 12. Kb1 Qb6 13. f5 h5 14. g3 Qc5 15. Bh3 Ne5 16. Nxe5 fxe5 17. Rhf1 a5 18. Rf3 b4 19. fxe6 fxe6 20. Ne2 Rc8 21. Nc1 Rh7 22. Nd3 Qa7 23. Qe2 Qb6 24. Rdf1 Qc6 25. b3 Rc7 26. Nb2 Qc5 27. Nc4 Bc8 28. Rd1 Rc6 29. Rfd3 Kd8 30. Rf3 a4 31. Qf2 Ke8 32. Rd2 Bd7 33. Qf1 Kd8 34. Nb2 a3 35. Nc4 Kc7 36. c3 bxc3 37. Rc2 h4 38. Rfxc3 hxg3 39. hxg3 Bg5 40. Bg2 Rh2 41. Qd1 Qb4 42. Qg1 Rh6 43. Nxe5 dxe5 44. Qa7+ Qb7 45. Qa5+ Kc8 46. Qxe5 Bd8 47. Rxc6+ Bxc6 48. Qd6 Rh8 49. e5 Bc7 50. Rxc6 Qa7 51. Qxe6+ Kb8 52. Qf7 Rc8 53. Qf1 Bb6 54. Rxc8+ Kxc8 55. Qc4+ Bc7 56. Qg8+ Kd7 57. Qf7+ Kd8 58. Qf8+ Kd7 59. Bh3+ Kc6 60. Qf3+ Kb5 61. Bf1+ Kb6 62. Qe3+ Kb7 63. Qxa7+ Kxa7 64. e6 Bd8 65. Kc2 Kb6 66. b4 Kc6 67. Kb3 Kd5 68. Bc4+ Kd4 69. b5 Kc5 70. g4 Be7 71. Bd3 Bg5 1-0

[Event "Bochum"]
[Site "Bochum"]
[Date "1981.??.??"]
[Round "?"]
[White "Van der Wiel, John TH"]
[Black "Kunsztowicz, Uwe"]
[Result "1-0"]
[WhiteElo "2465"]
[BlackElo "2460"]
[PlyCount "111"]
[EventDate "1981.03.??"]
[Source "ChessBase"]

1. e4 c5 2. Nf3 d6 3. d4 cxd4 4. Nxd4 Nf6 5. Nc3 Nc6 6. Bg5 e6 7. Qd2 a6 8. O-O-O Bd7 9. f4 Be7 10. Nf3 b5 11. Bxf6 Bxf6 12. Qxd6 Be7 13. Qd2 b4 14. Ne2 Ra7 15. e5 Qb6 16. Ng3 O-O 17. Ne4 a5 18. Qf2 Qb8 19. Qg3 Kh8 20. Bd3 b3 21. axb3 a4 22. bxa4 Rxa4 23. Nc3 Ra7 24. Qh3 h6 25. Rhe1 Nb4 26. Nd4 Na2+ 27. Nxa2 Rxa2 28. Nb3 Ba4 29. Bf1 Bb4 30. Kb1 Qa8 31. Kxa2 Bxb3+ 32. Kxb3 Bxe1 33. Bb5 Qa5 34. c4 Bd2 35. Qf3 Bb4 36. Rd7 Bc5 37. Kc2 Rd8 38. Rxd8+ Qxd8 39. g3 Qd4 40. Kb3 Qd2 41. Qc6 Bf8 42. Qc7 Qxh2 43. Qxf7 Bc5 44. Bc6 Qxg3+ 45. Ka2 Qe1 46. Qe8+ Kh7 47. Qxe6 Qa5+ 48. Kb3 Qd8 49. Be4+ Kh8 50. Qg6 Qg8 51. Kc3 Be3 52. e6 Bc5 53. b4 Be7 54. c5 Bh4 55. b5 Bf2 56. e7 1-0

[Event "Bundesliga 9899"]
[Site "Germany"]
[Date "1999.03.20"]
[Round "12.4"]
[White "Holzke, Frank"]
[Black "Enders, Peter"]
[Result "1/2-1/2"]
[WhiteElo "2447"]
[BlackElo "2474"]
[PlyCount "59"]
[EventDate "1998.10.17"]
[Source "ChessBase"]
[SourceDate "1999.07.01"]

1. e4 c5 2. Nf3 Nc6 3. d4 cxd4 4. Nxd4 Nf6 5. Nc3 d6 6. Bg5 e6 7. Qd2 a6 8. O-O-O Bd7 9. f4 Be7 10. Nf3 b5 11. Bxf6 gxf6 12. g3 Rc8 13. Kb1 Qb6 14. f5 Qc5 15. fxe6 fxe6 16. Ne2 O-O 17. Bh3 Qb4 18. Qxb4 Nxb4 19. Nfd4 f5 20. a3 Nc6 21. exf5 Nxd4 22. Nxd4 e5 23. Ne6 Bxe6 24. fxe6 Rf2 25. c3 Kg7 26. Rhf1 Rcf8 27. Rxf2 Rxf2 28. Rf1 Rxf1+ 29. Bxf1 Kf6 30. a4 1/2-1/2

[Event "Malmo"]
[Site "Malmo"]
[Date "1988.??.??"]
[Round "?"]
[White "Hellers, Ferdinand"]
[Black "Schoen, Wolfram"]
[Result "1-0"]
[WhiteElo "2490"]
[BlackElo "2430"]
[PlyCount "119"]
[EventDate "1988.12.??"]
[Source "ChessBase"]

1. e4 c5 2. Nf3 Nc6 3. d4 cxd4 4. Nxd4 Nf6 5. Nc3 d6 6. Bg5 e6 7. Qd2 a6 8. O-O-O Bd7 9. f4 Be7 10. Nf3 b5 11. Bxf6 gxf6 12. Bd3 Qa5 13. Kb1 O-O-O 14. Rhe1 Kb8 15. Qf2 Rc8 16. Bf1 Nd8 17. e5 d5 18. exf6 Bxf6 19. Ne5 Be8 20. Ne2 Be7 21. Nd4 f6 22. Nd3 Bd7 23. Nxe6 Nxe6 24. f5 Rc6 25. fxe6 Bxe6 26. Nf4 Bc5 27. Qf3 Bf7 28. Nxd5 Rd8 29. Nc3 Rcd6 30. Rxd6 Rxd6 31. g3 Bxa2+ 32. Kc1 Bd5 33. Re8+ Ka7 34. Nxd5 Qa1+ 35. Kd2 Bb4+ 36. c3 Qxb2+ 37. Ke1 Rxd5 38. Qxd5 Bxc3+ 39. Kd1 Qb1+ 40. Ke2 Qe1+ 41. Kf3 Qxe8 42. Qc5+ Kb7 43. Qxc3 Qh5+ 44. Kg2 Qf7 45. Qd4 Qe6 46. Bd3 f5 47. h4 Kc6 48. Kf3 a5 49. Kf4 Qh6+ 50. Kxf5 Qg6+ 51. Kf4 Qf7+ 52. Ke3 Qb3 53. Qf6+ Kc5 54. Qf8+ Kc6 55. Qh6+ Kc5 56. Qxh7 a4 57. Qf5+ Kb6 58. Qxb5+ Qxb5 59. Bxb5 Kxb5 60. Kd3 1-0

[Event "URS-FL"]
[Site "Kursk"]
[Date "1987.??.??"]
[Round "?"]
[White "Dvoirys, Semen I"]
[Black "Panchenko, Alexander N"]
[Result "1-0"]
[WhiteElo "2465"]
[BlackElo "2455"]
[PlyCount "83"]
[EventDate "1987.??.??"]
[Source "www.chesslib.no"]
[SourceDate "2004.05.04"]

1. e4 c5 2. Nf3 d6 3. d4 cxd4 4. Nxd4 Nf6 5. Nc3 Nc6 6. Bg5 e6 7. Qd2 a6 8. O-O-O Bd7 9. f4 Be7 10. Nf3 b5 11. Bxf6 gxf6 12. f5 Qb6 13. Kb1 h5 14. g3 b4 15. fxe6 fxe6 16. Ne2 Qf2 17. Nh4 Ne5 18. Nf4 Qxd2 19. Rxd2 Kf7 20. Rd4 Bc6 21. Bh3 Ng4 22. Rxb4 f5 23. Bg2 Bxh4 24. gxh4 fxe4 25. Rb6 Rhc8 26. Rxc6 Rxc6 27. Bxe4 Rc4 28. Nxe6 Rb8 29. Bd5 Rcb4 30. Bb3 Kg6 31. c3 R4b6 32. Rf1 Nf6 33. Rg1+ Kh6 34. Nf4 d5 35. Rg6+ Kh7 36. Rg5 Kh6 37. Kc1 Rg8 38. Nxd5 Rb5 39. Nxf6 Rgxg5 40. hxg5+ Kxg5 41. Nd5 Kg4 42. Bd1+ 1-0

[Event "Guillermo Garcia Premier II"]
[Site "Santa Clara"]
[Date "2000.05.24"]
[Round "1"]
[White "Herrera, Irisberto"]
[Black "Delgado, Neuris"]
[Result "1-0"]
[WhiteElo "2472"]
[BlackElo "2443"]
[PlyCount "85"]
[EventDate "2000.05.24"]
[Source "ChessBase"]
[SourceDate "2000.10.18"]

1. e4 c5 2. Nf3 d6 3. d4 cxd4 4. Nxd4 Nf6 5. Nc3 Nc6 6. Bg5 e6 7. Qd2 a6 8. O-O-O Bd7 9. f4 Be7 10. Nf3 b5 11. Bxf6 gxf6 12. Kb1 Qb6 13. f5 b4 14. fxe6 fxe6 15. Ne2 a5 16. Nf4 Qc5 17. g3 a4 18. Bh3 Kf7 19. Rhf1 Qc4 20. Nxe6 b3 21. a3 Rhc8 22. c3 Ra5 23. e5 Nxe5 24. Nfd4 Qd5 25. Rde1 Qc4 26. Bf5 Bf8 27. Qd1 Ke7 28. Qh5 h6 29. Nf4 Re8 30. Ng6+ Kd8 31. Bxd7 Qd3+ 32. Ka1 Kxd7 33. Qh3+ f5 34. Rxf5 Kc7 35. Nxf8 Nc4 36. Rf7+ Kb6 37. Nd7+ Ka6 38. Nb8+ Kb6 39. Nd7+ Ka6 40. Nb8+ Kb6 41. Rb7+ Kxb7 42. Qd7+ Ka8 43. Qc6+ 1-0

[Event "YUG-chT"]
[Site "?"]
[Date "1998.??.??"]
[Round "9"]
[White "Marjanovic Slavoljub"]
[Black "Cabrilo Goran"]
[Result "1/2-1/2"]
[WhiteElo "2420"]
[BlackElo "2490"]
[PlyCount "34"]
[EventDate "1998.??.??"]
[Source "www.chesslib.no"]
[SourceDate "2004.05.04"]

1. e4 c5 2. Nf3 Nc6 3. d4 cxd4 4. Nxd4 Nf6 5. Nc3 d6 6. Bg5 e6 7. Qd2 a6 8. O-O-O Bd7 9. f4 Be7 10. Nf3 b5 11. Bxf6 gxf6 12. Kb1 Qb6 13. g3 O-O-O 14. f5 Kb8 15. Bh3 b4 16. Na4 Qa5 17. fxe6 fxe6 1/2-1/2

[Event "Arnold Cup"]
[Site "Gausdal NOR"]
[Date "1995.??.??"]
[Round "1"]
[White "Klovans, Janis"]
[Black "Hennigan, Michael"]
[Result "0-1"]
[WhiteElo "2500"]
[BlackElo "2410"]
[PlyCount "130"]
[EventDate "1995.04.??"]
[Source "www.chesslib.no"]
[SourceDate "2004.05.04"]

1. e4 c5 2. Nf3 Nc6 3. d4 cxd4 4. Nxd4 Nf6 5. Nc3 d6 6. Bg5 e6 7. Qd2 a6 8. O-O-O Bd7 9. f4 Be7 10. Nf3 b5 11. Bxf6 gxf6 12. Kb1 b4 13. Ne2 Qb6 14. f5 e5 15. Ng3 h5 16. Bc4 Rc8 17. Bd5 Bf8 18. Rhe1 Ne7 19. Bb3 Bc6 20. Qd3 Rd8 21. Nd2 d5 22. exd5 Nxd5 23. Nc4 Qc7 24. Qf1 Bb5 25. Ne4 Be7 26. Rd2 Kf8 27. Qe2 Nb6 28. Rxd8+ Bxd8 29. Ned6 Nxc4 30. Nxc4 Be7 31. Qe4 Bc6 32. Qe2 Bb5 33. Qe4 Qc6 34. Nd2 Qxe4 35. Nxe4 Rg8 36. g3 Bc6 37. Bc4 a5 38. Bd3 Kg7 39. b3 Rd8 40. h3 Rd4 41. g4 h4 42. Kc1 Bd8 43. Kd2 a4 44. Ke3 Bb6 45. Kf3 Bd5 46. Bc4 Bxc4 47. bxc4 Rxc4 48. Re2 Bd4 49. Rg2 Bb2 50. g5 fxg5 51. Rxg5+ Kf8 52. f6 Rxc2 53. Nd6 Rc6 54. Rh5 e4+ 55. Nxe4 Bxf6 56. Rb5 b3 57. axb3 a3 58. Ra5 Bb2 59. Nd2 Rc3+ 60. Kg4 Rd3 61. Ne4 Rxb3 62. Nd6 Rb4+ 63. Kh5 Ke7 64. Nf5+ Kd7 65. Nxh4 Kc6 0-1

[Event "Bundesliga 2004-5"]
[Site "Porz"]
[Date "2004.12.12"]
[Round "6"]
[White "Medvegy, Zoltan"]
[Black "Borriss, Martin"]
[Result "1-0"]
[WhiteElo "2467"]
[BlackElo "2439"]
[PlyCount "115"]
[EventDate "2004.11.14"]
[Source "Roberto Alvarez"]
[SourceDate "2004.12.13"]

1. e4 c5 2. Nf3 d6 3. d4 cxd4 4. Nxd4 Nf6 5. Nc3 Nc6 6. Bg5 e6 7. Qd2 a6 8. O-O-O Bd7 9. f4 Be7 10. Nf3 b5 11. Bxf6 gxf6 12. g3 Qb6 13. f5 O-O-O 14. Bh3 Kb8 15. Ne2 Rhe8 16. Nf4 Bf8 17. Nh5 Ne5 18. Nxe5 dxe5 19. Nxf6 Bc8 20. Qe2 Rxd1+ 21. Rxd1 Rd8 22. fxe6 fxe6 23. Rxd8 Qxd8 24. Ng4 Bc5 25. Qd2 Qb6 26. Kd1 Bd6 27. Qe3 Qa5 28. a3 b4 29. axb4 Qxb4 30. Qb3 Qxb3 31. cxb3 Kb7 32. Nf6 h6 33. Ng4 Bf8 34. Nxe5 Kb6 35. Ng6 Bc5 36. Nf4 Bb7 37. Bg2 e5 38. Nd5+ Kc6 39. Ke2 a5 40. Bf1 Kd6 41. Nc3 Bd4 42. Kf3 Kc5 43. Bc4 Kb4 44. g4 Bc6 45. Bd5 Be8 46. h4 Kc5 47. Nd1 Bg6 48. Bg8 Kb4 49. Nc3 Kc5 50. Nd5 Bxb2 51. h5 Be8 52. Nf6 Bc6 53. g5 Bc1 54. g6 Bg5 55. Nh7 Be7 56. Bf7 Kd4 57. Bd5 Be8 58. Kg2 1-0

[Event "Elekes Memorial"]
[Site "Budapest HUN"]
[Date "1993.??.??"]
[Round "11"]
[White "Holzke, Frank"]
[Black "Groszpeter, Attila"]
[Result "0-1"]
[WhiteElo "2380"]
[BlackElo "2525"]
[PlyCount "126"]
[EventDate "1993.??.??"]
[Source "www.chesslib.no"]
[SourceDate "2004.05.04"]

1. e4 c5 2. Nf3 d6 3. d4 cxd4 4. Nxd4 Nf6 5. Nc3 Nc6 6. Bg5 e6 7. Qd2 a6 8. O-O-O Bd7 9. f4 Be7 10. Nf3 b5 11. Bxf6 gxf6 12. Kb1 Qb6 13. f5 O-O-O 14. g3 Kb8 15. fxe6 fxe6 16. Bh3 Bc8 17. Qe1 Rhe8 18. Ne2 Ne5 19. Nfd4 d5 20. Nf4 Bc5 21. Ndxe6 Bxe6 22. Nxe6 Rxe6 23. Bxe6 Qxe6 24. exd5 Rxd5 25. Qe4 Rd7 26. a4 Rb7 27. Rd8+ Ka7 28. a5 Qc4 29. Qf5 Rc7 30. Rhd1 Kb7 31. b3 Qc3 32. Qe6 Be3 33. R1d2 Nc6 34. R8d3 Bxd2 35. Rxc3 Bxc3 36. Qe3 Bd4 37. Qf3 b4 38. Kc1 Re7 39. Kd2 Kc7 40. Qf4+ Be5 41. Qc4 Kb7 42. Qd5 f5 43. Qc5 Bc7 44. Qxf5 Re2+ 45. Kd3 Rxh2 46. Kc4 Bxg3 47. c3 bxc3 48. Qd7+ Bc7 49. Kxc3 Nxa5 50. b4 Nc6 51. Qd5 Be5+ 52. Kd3 Rh4 53. Qf7+ Bc7 54. Ke2 Re4+ 55. Kd1 h6 56. Qh7 Rd4+ 57. Kc2 Nxb4+ 58. Kc3 Rh4 59. Qf5 Nc6 60. Qf3 Rf4 61. Qh1 Be5+ 62. Kd3 Rd4+ 63. Ke2 Bf4 0-1

[Event "Corr"]
[Site "?"]
[Date "2001.12.15"]
[Round "?"]
[White "Barnsley Anthony R"]
[Black "Niessen Thomas"]
[Result "1/2-1/2"]
[WhiteElo "2449"]
[BlackElo "2454"]
[PlyCount "50"]
[EventDate "2001.??.??"]
[Source "www.chesslib.no"]
[SourceDate "2004.05.04"]

1. e4 c5 2. Nf3 d6 3. d4 cxd4 4. Nxd4 Nf6 5. Nc3 Nc6 6. Bg5 e6 7. Qd2 a6 8. O-O-O Bd7 9. f4 Be7 10. Nf3 b5 11. Bxf6 gxf6 12. Kb1 Qb6 13. f5 O-O-O 14. g3 Kb8 15. Bh3 Bc8 16. fxe6 fxe6 17. Qe1 Rhe8 18. Ne2 Ne5 19. Rf1 Nc4 20. Nf4 d5 21. exd5 e5 22. Bxc8 Rxc8 23. d6 Nxd6 24. Nd5 Qc6 25. Qe2 Nc4 1/2-1/2

[Event "Kecskemet"]
[Site "Kecskemet"]
[Date "1993.??.??"]
[Round "3"]
[White "Almasi, Istvan"]
[Black "Groszpeter, Attila"]
[Result "1-0"]
[WhiteElo "2385"]
[BlackElo "2515"]
[PlyCount "77"]
[EventDate "1993.02.??"]
[Source "ChessBase"]

1. e4 c5 2. Nf3 d6 3. d4 cxd4 4. Nxd4 Nf6 5. Nc3 Nc6 6. Bg5 e6 7. Qd2 a6 8. O-O-O Bd7 9. f4 Be7 10. Nf3 b5 11. Bxf6 gxf6 12. Kb1 Qb6 13. f5 O-O-O 14. g3 Kb8 15. Bh3 b4 16. Ne2 e5 17. Nc1 Na5 18. Nd3 d5 19. exd5 Nc4 20. Qe2 Bb5 21. Rhe1 Rxd5 22. Bg2 Rc8 23. Nd2 Rxd3 24. cxd3 Nxb2 25. Nc4 Nxd1 26. Nxb6 Nc3+ 27. Kb2 Nxe2 28. Nxc8 Kxc8 29. Rxe2 Bxd3 30. Rd2 Bxf5 31. Bf1 Kc7 32. Bxa6 Bc5 33. Bc4 e4 34. Rd5 Be6 35. Rxc5+ Kd6 36. Bxe6 Kxc5 37. Bxf7 Kd4 38. Kb3 e3 39. Bc4 1-0

[Event "Berliner Sommer"]
[Site "Berlin"]
[Date "1996.??.??"]
[Round "6"]
[White "Klovans, Janis"]
[Black "Heinbuch, Detlef"]
[Result "1-0"]
[WhiteElo "2530"]
[BlackElo "2365"]
[PlyCount "87"]
[EventDate "1996.08.??"]
[Source "ChessBase"]

1. e4 c5 2. Nf3 Nc6 3. d4 cxd4 4. Nxd4 Nf6 5. Nc3 d6 6. Bg5 e6 7. Qd2 a6 8. O-O-O Bd7 9. f4 Be7 10. Nf3 b5 11. Bxf6 Bxf6 12. Qxd6 Ra7 13. e5 Be7 14. Qd2 Qa5 15. Kb1 Bb4 16. Ng5 Bxc3 17. Qxc3 Qxc3 18. bxc3 Ke7 19. h4 f6 20. exf6+ gxf6 21. Ne4 Rg8 22. Rg1 Rc7 23. Bd3 f5 24. Ng5 h6 25. Nf3 Kf6 26. c4 Nb4 27. Ne5 bxc4 28. Bxc4 Ba4 29. Rd6 Bxc2+ 30. Kb2 Rxc4 31. Nxc4 Be4 32. Ne5 Nd5 33. Rxa6 Nxf4 34. Nd7+ Ke7 35. Ra7 Kd6 36. Rd1+ Bd5 37. Rd2 Rg7 38. Ra6+ Ke7 39. Nb6 Bxg2 40. Ra7+ Kf6 41. Nd7+ Kg6 42. Nf8+ Kf6 43. Rxg7 Kxg7 44. Nxe6+ 1-0

[Event "USA Open"]
[Site "Fort Worth, TX USA"]
[Date "1984.??.??"]
[Round "7"]
[White "Gruenfeld, Yehuda"]
[Black "Shirazi, Kamran G"]
[Result "0-1"]
[WhiteElo "2435"]
[BlackElo "2451"]
[PlyCount "118"]
[EventDate "1984.??.??"]
[Source "www.chesslib.no"]
[SourceDate "2004.05.04"]

1. e4 c5 2. Nf3 Nc6 3. d4 cxd4 4. Nxd4 Nf6 5. Nc3 d6 6. Bg5 e6 7. Qd2 a6 8. O-O-O Bd7 9. f4 Be7 10. Nf3 b5 11. Bxf6 Bxf6 12. Qxd6 Be7 13. Qd2 b4 14. Na4 Nb8 15. b3 Qc7 16. Kb1 Bxa4 17. bxa4 Nd7 18. Qd4 Nf6 19. Bd3 O-O 20. g3 Rfd8 21. Qe5 Qc6 22. Rhe1 Nd7 23. Qa5 Nc5 24. Ne5 Qe8 25. Bc4 Rdc8 26. Bb3 Rab8 27. Nd3 Bd8 28. Qxc5 Rxc5 29. Nxc5 Be7 30. Nxa6 Rc8 31. e5 Qc6 32. f5 Qxa6 33. fxe6 fxe6 34. Rd6 Bxd6 35. Bxe6+ Kf8 36. Bxc8 Qxc8 37. exd6 Qc6 38. Rd1 Ke8 39. d7+ Kd8 40. h4 Qxa4 41. Rd3 Qb5 42. Kb2 Qe5+ 43. Kb1 h6 44. a3 bxa3 45. Rxa3 Kxd7 46. Rd3+ Ke6 47. Kc1 Qe1+ 48. Kb2 Kf5 49. Rf3+ Kg4 50. Rd3 Kh3 51. Kb3 Qe2 52. Kb2 g5 53. hxg5 hxg5 54. Kb3 g4 55. Rc3 Qb5+ 56. Ka2 Qa5+ 57. Ra3 Qxa3+ 58. Kxa3 Kxg3 59. c4 Kf4 0-1

[Event "Corr"]
[Site "?"]
[Date "2001.12.15"]
[Round "?"]
[White "Espindola Carlos Alejandro"]
[Black "Niessen Thomas"]
[Result "1/2-1/2"]
[WhiteElo "2431"]
[BlackElo "2454"]
[PlyCount "63"]
[EventDate "2001.??.??"]
[Source "www.chesslib.no"]
[SourceDate "2004.05.04"]

1. e4 c5 2. Nf3 d6 3. d4 cxd4 4. Nxd4 Nf6 5. Nc3 Nc6 6. Bg5 e6 7. Qd2 a6 8. O-O-O Bd7 9. f4 Be7 10. Nf3 b5 11. Bxf6 gxf6 12. Kb1 Qb6 13. f5 O-O-O 14. g3 Kb8 15. fxe6 fxe6 16. Bh3 Bc8 17. Qh6 Qc5 18. Rhf1 a5 19. Ne2 d5 20. exd5 Nb4 21. Nc3 Nxd5 22. Nxd5 Rxd5 23. Rxd5 Qxd5 24. a3 b4 25. Qg7 Re8 26. Qf7 Bd7 27. axb4 axb4 28. b3 Bd8 29. Bg2 Bb5 30. Rc1 f5 31. Qxh7 Bf6 32. Qf7 1/2-1/2

[Event "ch-SWE"]
[Site "Gotebörg"]
[Date "2004.07.10"]
[Round "1.3"]
[White "Hermansson, Emil"]
[Black "Ernst, Thomas"]
[Result "1-0"]
[WhiteElo "2428"]
[BlackElo "2456"]
[PlyCount "87"]
[EventDate "2004.07.10"]
[Source "Roberto Alvarez"]
[SourceDate "2003.08.04"]

1. e4 c5 2. Nf3 d6 3. d4 cxd4 4. Nxd4 Nf6 5. Nc3 Nc6 6. Bg5 e6 7. Qd2 a6 8. O-O-O Bd7 9. f4 Be7 10. Nf3 b5 11. Bxf6 gxf6 12. f5 Qb6 13. Kb1 O-O-O 14. g3 Kb8 15. fxe6 fxe6 16. Bh3 Bc8 17. Rhf1 Rhe8 18. Qe1 Bf8 19. Ne2 Bg7 20. Nf4 Qc5 21. Nd2 Bh8 22. Nb3 Qb6 23. c3 b4 24. cxb4 Nxb4 25. Nd4 Nc6 26. Nxc6+ Qxc6 27. Rc1 Qa4 28. Rf3 Bb7 29. Rb3 f5 30. Rb4 Qd7 31. exf5 exf5 32. Qf1 Re4 33. Rb3 Qa4 34. Nd3 Rc4 35. Bg2 Rxc1+ 36. Nxc1 d5 37. Qxf5 Qc6 38. Qxh7 Rc8 39. Ne2 Be5 40. Qf5 Qd6 41. Qf7 Qc6 42. Nc3 Bxc3 43. Rxc3 Qb6 44. Rxc8+ 1-0

[Event "Makarczyk mem"]
[Site "Lodz"]
[Date "1980.??.??"]
[Round "15"]
[White "Luczak, Andrzej"]
[Black "Spassov, Liuben"]
[Result "1-0"]
[WhiteElo "2430"]
[BlackElo "2450"]
[PlyCount "59"]
[EventDate "1980.04.??"]
[Source "ChessBase"]

1. e4 c5 2. Nf3 d6 3. d4 cxd4 4. Nxd4 Nf6 5. Nc3 a6 6. Bg5 Nc6 7. Qd2 e6 8. O-O-O Bd7 9. f4 Be7 10. Nf3 b5 11. Bxf6 Bxf6 12. Qxd6 Ra7 13. e5 Be7 14. Qd2 Qa5 15. Kb1 Bb4 16. Qe3 Bxc3 17. Qxc3 Qxc3 18. bxc3 Ne7 19. c4 Rc7 20. cxb5 axb5 21. Rd4 O-O 22. Bd3 Nd5 23. c4 bxc4 24. Bxc4 Ne3 25. Bb3 Nxg2 26. Rc1 Rfc8 27. Rxc7 Rxc7 28. Ba4 Rb7+ 29. Kc1 Rc7+ 30. Kd2 1-0

[Event "Nordic Ch"]
[Site "Torshavn FAI"]
[Date "1987.??.??"]
[Round "?"]
[White "Arnason, Jon L"]
[Black "Maki, Veijo"]
[Result "1/2-1/2"]
[WhiteElo "2540"]
[BlackElo "2340"]
[PlyCount "198"]
[EventDate "1987.07.??"]
[Source "www.chesslib.no"]
[SourceDate "2004.05.04"]

1. e4 c5 2. Nf3 Nc6 3. d4 cxd4 4. Nxd4 Nf6 5. Nc3 d6 6. Bg5 e6 7. Qd2 a6 8. O-O-O Bd7 9. f4 Be7 10. Nf3 b5 11. Bxf6 gxf6 12. Qe3 Qa5 13. Kb1 b4 14. Ne2 Qc5 15. Qxc5 dxc5 16. Nd2 Na5 17. Nc1 Bb5 18. Ncb3 Nc6 19. Nc4 Rd8 20. Bd3 h5 21. g3 h4 22. Kc1 Kf8 23. Rhg1 hxg3 24. hxg3 Kg7 25. Nca5 Nxa5 26. Nxa5 c4 27. Nxc4 Bc5 28. Rgf1 Rh2 29. Rf3 Rc8 30. Rd2 Rh1+ 31. Rd1 Rh2 32. Rd2 Rh3 33. Ne3 Bc6 34. f5 a5 35. Ng4 exf5 36. Nxf6 Be7 37. Bf1 Rh1 38. Nd5 Bg5 39. Rxf5 Bh6 40. Kd1 Bd7 41. Ne3 Bxf5 42. Nxf5+ Kh7 43. Rf2 Rd8+ 44. Ke2 Rd2+ 45. Kf3 Rxf2+ 46. Kxf2 Rh2+ 47. Bg2 Rh5 48. Bf1 Bg7 49. b3 Be5 50. Kg2 Kg6 51. Bc4 Kf6 52. Ne3 Rg5 53. Nf5 Rg8 54. Bd3 Rh8 55. Ne3 Rg8 56. Nf5 Bc3 57. Kf3 Be1 58. Bc4 Rd8 59. Bd3 Rh8 60. Kg2 Ke5 61. Kf1 Bd2 62. Kg2 Bg5 63. Bc4 Rh7 64. Bd3 Rh8 65. Bc4 Rh7 66. Bd3 Bd8 67. Nd6 Bc7 68. Nf5 Rh8 69. Kg1 Ra8 70. Nh6 Kd4 71. Nxf7 Bxg3 72. Nh6 Be5 73. Kf2 a4 74. bxa4 Rxa4 75. Nf5+ Kc3 76. Ne7 Bd6 77. Nd5+ Kd4 78. Ne3 Rxa2 79. Nf5+ Kc5 80. Kf3 Be5 81. Ke3 Ra1 82. Nh4 Re1+ 83. Kf2 Rh1 84. Nf3 Bf4 85. Ke2 Rh3 86. Kf2 Rh6 87. Ke2 Rd6 88. Nh4 Rd8 89. Nf3 Kb6 90. Bc4 Kc5 91. Bb3 Rh8 92. Kf2 Re8 93. Bd5 Re7 94. Ke2 Rg7 95. Kf2 Rc7 96. Bb3 Kd6 97. Ne1 Bd2 98. Nd3 Bc3 99. Kf3 Re7 1/2-1/2

[Event "Skopje"]
[Site "Skopje"]
[Date "1976.??.??"]
[Round "3"]
[White "Ivanovic, Bozidar"]
[Black "Tarjan, James Edward"]
[Result "0-1"]
[WhiteElo "2385"]
[BlackElo "2490"]
[PlyCount "80"]
[EventDate "1976.03.??"]
[Source "ChessBase"]

1. e4 c5 2. Nf3 d6 3. d4 cxd4 4. Nxd4 Nf6 5. Nc3 Nc6 6. Bg5 e6 7. Qd2 a6 8. O-O-O Bd7 9. f4 Be7 10. Nf3 b5 11. Bxf6 Bxf6 12. Qxd6 Be7 13. Qd2 b4 14. Ne2 Ra7 15. Ng3 O-O 16. e5 a5 17. Ne4 a4 18. Nd6 Qb6 19. Kb1 Bxd6 20. exd6 Ra5 21. Bd3 a3 22. b3 Rd5 23. Qe2 Qc5 24. Bc4 Rxd6 25. Rxd6 Qxd6 26. Rd1 Qc7 27. Qe4 Rd8 28. Ne5 Nxe5 29. Qxe5 Bc6 30. Bd3 Qb6 31. Qe1 g6 32. g3 Bf3 33. Rc1 Rd5 34. Qg1 Qc7 35. Bc4 Be2 36. Qe3 Bxc4 37. bxc4 Qxc4 38. Re1 h5 39. h3 Rd4 40. f5 exf5 0-1